En la hora de la verdad
Guardado en:
| Autor principal: | |
|---|---|
| Formato: | Libro |
| Lenguaje: | español |
| Publicado: |
Valencia
Universidad de Valencia
1977
|
| Materias: | |
| Etiquetas: |
Agregar Etiqueta
Sin Etiquetas, Sea el primero en etiquetar este registro!
|
MARC
| LEADER | 00000nam a2200000 a 4500 | ||
|---|---|---|---|
| 001 | UCS9712 | ||
| 003 | CL-VaPUC | ||
| 008 | 971121e19770000SP |||||||||||||||||spa|d | ||
| 082 | 0 | 4 | |a 340.1 |b COR |2 21 |
| 100 | 0 | |a Corts Grau, José |e author |9 394992 | |
| 245 | 1 | 0 | |a En la hora de la verdad |
| 300 | |a 16 p | ||
| 942 | |c BK | ||
| 945 | |d 19971121 00:00:00 |a cmena | ||
| 260 | |a Valencia |b Universidad de Valencia |c 1977 | ||
| 650 | 0 | |a Filosofía del derecho |9 255050 | |
| 650 | 0 | |a Teología |9 258766 | |
| 650 | 0 | |a Escuelas filosóficas |9 266232 | |
| 650 | 0 | |a Derecho español |9 255291 | |
| 583 | |a last modification |c 19971121 00:00:00 |k Rodrigo Vera | ||
| 999 | |c 263473 |d 263471 | ||
| 952 | |0 0 |1 0 |2 ddc |4 0 |6 340_100000000000000_COR_1977 |7 0 |8 DER_TF |9 292797 |a BIBDER |b BIBDER |d 2019-11-19 |i 1904957 |l 1 |o 340.1 COR 1977 |p 1904957 |r 2023-01-25 |s 2020-03-18 |w 2019-11-19 |x Ubicación 4to Piso |y MX |z Estos recursos deben solicitarse con anticipación |k DER | ||